000
00476nam a2200157Ia 4500
008
090124s9999 xx 000 0 und d
082
_b
12893
245
_a
चौकोनी आकाश
250
_a
1
260
_b
सुविचार प्रकाशन मंडळ
_c
1974
300
_a
134
630
_a
चौकोनी आकाश
700
_a
तेंडूलकर रमेश अ.
730
_a
चौकोनी आकाश
942
_c
BOOK
999
_c
87291
_d
87291